Intercambio /
Guardat en:
| Autor principal: | |
|---|---|
| Altres autors: | |
| Format: | Text |
| Matèries: | |
| Etiquetes: |
Afegir etiqueta
Sense etiquetes, Sigues el primer a etiquetar aquest registre!
|
MARC
| LEADER | 00000 a a2200000 04500 | ||
|---|---|---|---|
| 001 | 3757 | ||
| 003 | |||
| 040 | |||
| 100 | |a Macaya Trejos, Gabriel | ||
| 245 | |a Intercambio / |c Gabriel Macaya Trejos | ||
| 650 | |a EDUCACION | ||
| 650 | |a SISTEMAS DE ENSEÑANZA | ||
| 650 | |a ENSEÑANZA TECNICA | ||
| 650 | |a ENSEÑANZA SUPERIOR | ||
| 650 | |a MOVILIDAD SOCIAL | ||
| 700 | |a moderador |a et. al | ||
| 773 | |g número 38; páginas 26-30 | ||
| 999 | |c 21738 |d 21738 | ||
